|
|
|
|
| LEADER |
00000nab a2200000 a 4500 |
| 001 |
vtls000380148 |
| 003 |
SK-MaSNL |
| 005 |
20260304173516.0 |
| 008 |
230120c1990 xo 0 slo |
| 015 |
|
|
|a SNBRB19rr/mm-uuuuu
|
| 035 |
|
|
|a CL0380270
|
| 035 |
|
|
|a urn:nbn:sk:snk-ab2d8s
|
| 035 |
|
|
|a (urnnbn)urn:nbn:sk:snk:ar-a026v9
|
| 035 |
|
|
|a (uuid)10d55238-00f6-4088-90f9-165a16df9a2a
|
| 040 |
|
|
|a SNKBUCL
|b slo
|c SNKBUCL
|e AACR2
|
| 041 |
0 |
|
|a slo
|
| 044 |
|
|
|a xo
|c SK
|
| 080 |
|
|
|a 908.234.372.4
|2 1981
|
| 080 |
|
|
|a 910
|2 1981
|
| 080 |
|
|
|a 796.5
|2 1981
|
| 080 |
|
|
|a 796.92
|2 2001
|
| 080 |
|
|
|a 796.926
|2 2011
|
| 100 |
1 |
|
|a Kubiš, Milan
|4 aut
|9 272909
|
| 245 |
1 |
0 |
|a Pre každého lyžiara
|b Predstavujeme lyžiarske stredisko Závažná Poruba - Opalisko
|c Milan Kubiš
|
| 300 |
|
|
|b Obr. 3.
|
| 650 |
0 |
7 |
|a Opalisko (Nízke Tatry)
|2 snkbucl
|9 1503965
|
| 650 |
0 |
7 |
|a lyžovanie
|2 SNKPH
|9 3256
|
| 650 |
0 |
7 |
|a lyžiarske strediská
|2 SNKPH
|9 70265
|
| 651 |
|
7 |
|a Závažná Poruba (Slovensko)
|2 snkbucl
|9 55007
|
| 655 |
|
7 |
|a články z novín a časopisov
|2 snkbucl
|9 267496
|
| 773 |
0 |
|
|t Krásy Slovenska
|g Roč. 47, č. 2 (1990), s. 20-21
|
| 850 |
|
|
|a Slovenská národná knižnica v Martine
|a MTA001
|
| 852 |
|
|
|a SNK
|b KIS3GCP
|
| 954 |
|
|
|a odborná, vedecká literatúra pôvodná (slovenská)
|2 lita
|
| 958 |
|
|
|a OND
|
| 958 |
|
|
|a RK
|
| 958 |
|
|
|a EUIPO
|
| 958 |
|
|
|a article27
|
| 992 |
|
|
|a RBX
|
| 999 |
|
|
|c 3003921
|d 3005851
|